000 00875cam a22002291 4500
001 e 30000151
003 DLC
005 20260227111220.0
008 790917s1929 nyua 000 0 eng c
010 _ae 30000151
035 _a(OCoLC)5379247
040 _aU.S. Off. of educ. Library
_cOCl
_dDLC
042 _apremarc
050 0 0 _aLA339.N5
_bA3 1929
110 1 _aNew York (N.Y.).
_bSuperintendent of Schools.
245 0 0 _aProgress of the public schools, May 1, 1924-July 31, 1929,
_cby Dr. William J. O'Shea, superintendent of schools. New York.
260 _a[New York city,
_bPrinted at the Herald-Nathan press, inc.,
_c1929]
300 _axix, 168 p. incl. front., illus.
_c23 cm.
500 _aAt head of title: Board of education. The city of New York.
650 0 _aPublic schools
_zNew York (State)
_zNew York.
700 1 _aO'Shea, William James,
_d1864-1939.
999 _c21028
_d21028